02630nam a22002297a 450000500170000000800410001702000180005804000070007604100120008308200200009510000180011524500550013325000060018826000660019430000260026036500530028652019790033965000140231865000280233265000200236070000200238020230102115235.0230102b ||||| |||| 00| 0 eng d a9788131768624 cAL aEnglish 223a658.7bSOPL aVinod V Sople aLogistics Management : The Supply Chain Imperative a3 aUttar PradeshbPearson India Education Services Pvt Ltdc2022 a537 p.bPBc23x16 cm. a6706b₹500.00c₹d₹625.00e20%f19-12-2022 aLogistics management, 3/e is essential for creating value for both customers and stakeholders. Effective Logistic chains help organizations to compete in both global and domestic markets. The book addresses these issues in 5 parts, which deal with the basics of Logistics, Logistics Mix, Strategic approaches in managing logistics, Logistics controls and cases. The author has used diagrams and examples for students to better appreciate the concepts. Contents 1. Logistics – At the Center Of World Trade 2. Customer Service – A Key Element in Logistics Strategy 3. Logistics– As a Source of Competitive Advantage for the Supply Chain 4. Warehousing – A Role Beyond Storage 5. Material Handling Systems -For Exploiting Productivity Potential in Logistics 6. Storage Systems - For Space Efficiency and Storage Density 7. Inventory Management - For Lean Supply Chain 8. Transportation – The Backbone of Logistics 9. Logistical Packaging - For Safe Product Movement, Handling and Storage 10. Logistics Information System -A Vehicle for Supply Chain Competitiveness 11. Logistics Design for Distribution Channels -To Create Time & Space Utilities of Product to the Customers 12. Logistics Outsourcing -An Emerging Trend 13. E-Commerce Logistics - More Challenging Than Ever 14. Technology– A Pervasive Factor in Logistics Fulfillment 15. Reverse Logistics - A new wave 16. Global Logistics– A Pervasive Role in Wheeling International Trade 17. Strategic Logistics – Looking Beyond the Basics 18. Performance Measurements and Controls - To Track and Improve the Health of Supply Chain 19. Government Policies and Regulations– For Industry Growth, Customer Protection and Operational Controls 20. Logistics Costing - Impacting Product Profitability 21. Quantitative Techniques – For Optimization in Logistics 22. Logistics Organization – Bridging Business Aspirations through Implementation 23. Green Logistics – Journey Towards Sustainability 24. Cases  aLogistics aSupply Chain Mangaement aStorage Density aSOPLE (Vinod V)